Strategic thinking for the next economy (Record no. 58561)

MARC details
000 -LEADER
fixed length control field 01092nam a2200265 a 4500
008 - FIXED-LENGTH DATA ELEMENTS--GENERAL INFORMATION
fixed length control field 120416s2001 ||||||||||||||||| || u
020 ## - INTERNATIONAL STANDARD BOOK NUMBER
International Standard Book Number 0787957291
050 ## - LIBRARY OF CONGRESS CALL NUMBER
Classification number HD 30.23 Str
100 ## - MAIN ENTRY--PERSONAL NAME
Personal name Cusumano, Michael A., 1954-
245 10 - TITLE STATEMENT
Title Strategic thinking for the next economy
Statement of responsibility, etc. edited by Michael A. Cusumano
250 ## - EDITION STATEMENT
Edition statement 1st ed.
260 ## - PUBLICATION, DISTRIBUTION, ETC.
Place of publication, distribution, etc. San Francisco
Name of publisher, distributor, etc. Jossey-Bass
Date of publication, distribution, etc. 2001
300 ## - PHYSICAL DESCRIPTION
Extent xi, 317p. : ill.
350 ## - PRICE (NR) (BK AM CF MU VM SE) [OBSOLETE]
Price 0.00
490 ## - SERIES STATEMENT
Series statement Jossey-Bass business & management series
500 ## - GENERAL NOTE
General note 'MITSloan Management Review.' -Includes bibliographical references and index.
650 #0 - SUBJECT ADDED ENTRY--TOPICAL TERM
Topical term or geographic name entry element INDUSTRIAL MANAGEMENT
650 #0 - SUBJECT ADDED ENTRY--TOPICAL TERM
Topical term or geographic name entry element MANAGEMENT
650 #0 - SUBJECT ADDED ENTRY--TOPICAL TERM
Topical term or geographic name entry element DECISION MAKING
700 ## - ADDED ENTRY--PERSONAL NAME
Personal name Markides, Constantinos
856 ## - ELECTRONIC LOCATION AND ACCESS
Uniform Resource Identifier <a href="http://www.loc.gov/catdir/description/wiley035/2001001015.html">http://www.loc.gov/catdir/description/wiley035/2001001015.html</a>
856 ## - ELECTRONIC LOCATION AND ACCESS
Uniform Resource Identifier <a href="http://www.loc.gov/catdir/bios/wiley043/2001001015.html">http://www.loc.gov/catdir/bios/wiley043/2001001015.html</a>
856 ## - ELECTRONIC LOCATION AND ACCESS
Uniform Resource Identifier <a href="http://www.loc.gov/catdir/toc/onix07/2001001015.html">http://www.loc.gov/catdir/toc/onix07/2001001015.html</a>
995 ## - RECOMMENDATION 995 [LOCAL, UNIMARC FRANCE]
-- 0.00
-- CBU-MAIN LIBRARY (Kitwe)
-- 1
-- 19.95
-- 1
-- AVAILABLE
-- Main Library Open Access Collection
Holdings
Withdrawn status Lost status Source of classification or shelving scheme Damaged status Not for loan Home library Current library Shelving location Date acquired Total Checkouts Full call number Barcode Date last seen Price effective from Koha item type
          CBU-MAIN LIBRARY, KITWE. CBU-MAIN LIBRARY, KITWE.   11/30/2022   HD 30.23 Str 38698 11/30/2022 11/30/2022 MONOGRAPH